Focus (Record no. 79990)

MARC details
000 -LEADER
fixed length control field 01177cab a22002295a 4500
001 - CONTROL NUMBER
control field L142955
008 - FIXED-LENGTH DATA ELEMENTS--GENERAL INFORMATION
fixed length control field 080326e20080322xxk f s 000 0 eng d
035 ## - SYSTEM CONTROL NUMBER
System control number (Sirsi) u142955
041 0# - LANGUAGE CODE
Language code of text/sound track or separate title eng
100 1# - MAIN ENTRY--PERSONAL NAME
Personal name Neale, Jon
245 00 - TITLE STATEMENT
Title Focus
Remainder of title Sussex
260 ## - PUBLICATION, DISTRIBUTION, ETC.
Date of publication, distribution, etc. 2008
490 ## - SERIES STATEMENT
Series statement Estates Gazette
Volume/sequential designation (0811) 22 March 2008, 71-83(9)
520 ## - SUMMARY, ETC.
Summary, etc. Reports that although Brighton's office market is showing signs of significant development, these advances may be curtailed by a major regeneration programme in nearby Shoreham. A lack of speculative development is threatening Crawley's fragile market of occupiers, and there are fears that some will move from the town. Eastbourne continues to battle its image as a retirement town by looking to iconic European schemes for inspiration, particularly for its seafront development plans. Reports on Hastings and its own plans for regeneration. Gives an overview of commercial market figures in the area.
590 ## - LOCAL NOTE (RLIN)
Local note KA
651 #4 - SUBJECT ADDED ENTRY--GEOGRAPHIC NAME
Geographic name Sussex
Chronological subdivision 1888-
690 ## - LOCAL SUBJECT ADDED ENTRY--TOPICAL TERM (OCLC, RLIN)
Topical term or geographic name as entry element PROPERTY-COMMERCIAL PROPERTY-COMMERCIAL PROPERTY MARKET
700 1# - ADDED ENTRY--PERSONAL NAME
Personal name Jack, Simon
700 1# - ADDED ENTRY--PERSONAL NAME
Personal name Clarkson, Melanie
700 1# - ADDED ENTRY--PERSONAL NAME
Personal name Cunningham, Daniel
942 ## - ADDED ENTRY ELEMENTS (KOHA)
Suppress in OPAC 0
Holdings
Withdrawn status Lost status Source of classification or shelving scheme Damaged status Not for loan Home library Current library Shelving location Date acquired Total Checkouts Full call number Barcode Date last seen Copy number Price effective from Koha item type
    Dewey Decimal Classification     London London Journal article 26/03/2008   L142955 142955-1001 06/08/2019 1 06/08/2019 Journal article